| 000 | 006430000a22001930004500 | ||
|---|---|---|---|
| 999 |
_c60106 _d60106 |
||
| 001 | 768714001 | ||
| 003 | CO-MdFUSB | ||
| 005 | 20170725165126.0 | ||
| 008 | 170725s1996 ag ||||| |||| 00| 0 spa d | ||
| 022 | _a0122-2996 | ||
| 040 |
_aCO-MdFUSB _bspa _cCO-MdFUSB _dCO-MdFUSB |
||
| 041 | _aspa | ||
| 100 | 1 |
_aPowell, David R. _eautor |
|
| 245 | 1 | 0 | _aProceso en torno a la situación de un calvinista en el Tucumán de 1861 |
| 300 |
_aVolumen 28. Número 61 (1996), Páginas 57-63 _c22 cm. |
||
| 546 | _aTexto en español | ||
| 773 | 0 |
_tBoletín Teológico _049507 _961447 _gVolumen 28. Número 61 (1996), Páginas 57-63 _qPágina 57 |
|
| 942 | _cANA | ||